000 02020nkm0a22004091 4500
001 RU\NLR\INFOCOMM_10\5000066658
005 20250806205614.0
035 _a(NLR Aleph) 010755731
090 _a75110
_c75110
100 _a20150325d1942 u y0rusy50 ca
101 0 _arus
102 _aRU
116 _aiybxx xx zz
135 _acrcn 024apaba
200 1 _aКонцерт 25 декабря 1942 г.
_bИзоматериалы
_e[программа
_fпри участии артистов: Пельцер, Легкова, Гербек и др.
_gУправление по делам искусств Исполкома Ленгорсовета и Ленинградского комитета по радиовещанию]. Большой зал филармонии
210 _a[Ленинград
_d1942]
215 _a2 с.
300 _aПрограмма художественно оформлена
309 _aНапечатано на пишущей машинке
325 _aКопия доступна в Электрон. б-ке РНБ
606 1 0 _aБлокада Ленинграда
_z1941 - 1944
_2nlr_sh
_3RU\NLR\AUTH\661253360
702 1 _aПельцер
_4000
702 1 _aЛегков
_4000
702 1 _aГербек
_4000
710 0 2 _aЛенинградский комитет по радиовещанию
_4070
801 1 _aRU
_binfocomm
_c20150325
801 0 _aRU
_bNLR
_gPSBO
852 _aNLR
_bЛ3-330п
_j33/1942-8
_pЛМ.1897
856 0 _uhttp://vivaldi.nlr.ru/al000000251/view
856 1 _uhttp://vivaldi.nlr.ru/al000000251/cover
856 2 _uhttp://vivaldi.nlr.ru/al000000251/text
942 _cVISUAL
945 _aРоссийская национальная библиотека
980 _aBV
981 3 7 _a(37) Ленинград в Великой Отечественной войне
_b(37) Театральные, концертные программки, репертуары
981 3 4 _a(34) Санкт-Петербург